| 000 | 02596cam a22003734a 4500 | ||
|---|---|---|---|
| 001 | 14234662 | ||
| 003 | ARRUPE | ||
| 005 | 20140115020018.0 | ||
| 008 | 060118s2007 dcu b 001 0 eng | ||
| 010 | _a 2006001649 | ||
| 020 | _a1565182308 (pbk. : alk. paper) | ||
| 020 | _a9781565182301 (pbk. : alk. paper) | ||
| 035 | _a(OCoLC)ocm63122816 | ||
| 040 |
_aDLC _cDLC _dBTCTA _dC#P _dDLC |
||
| 042 | _apcc | ||
| 043 |
_af------ _af-nr--- |
||
| 050 | 0 | 0 |
_aLA1503 _b.I27 2007 |
| 082 | 0 | 0 |
_a378.6 _222 |
| 245 | 0 | 4 |
_aThe idea of an African university : _bthe Nigerian experience / _cedited by Joseph Kenny. |
| 260 |
_aWashington, D.C. : _bCouncil for Research in Values and Philosophy, _cc2007. |
||
| 300 |
_a189 p. ; _c23 cm. |
||
| 440 | 0 |
_aCultural heritage and contemporary change. _nSeries II, _pAfrica ; _vv. 11 _93874 |
|
| 490 | 0 |
_aNigerian philosophical studies ; _v2 |
|
| 504 | _aIncludes bibliographical references and index. | ||
| 505 | 0 | _aLiberal versus practical orientation of curriculum development / Olusegun oladipo -- Lessons of world history of the university for Nigeria today / Joseph Kenny -- Human capital in Nigerian universities : the presence of the past and the thrust of the future / Ifeanyi Onyeonoru -- University decline and its reasons : imperatives for change and relevance / Francis Egbokhare -- The need for humanities in the Nigerian university curriculum -- Knowledge production, cultural identity and globalization : African universities and the challenges of authenticity and transformation in the twenty-first century / Kolawole A. Owolabi -- Idealism versus pragmatism in the production of knowledge in Nigerian universities / Olatunji A. Oyeshile -- The university and the African crisis of morality : lessons from Nigeria / Ogbo Ugwuanyi -- The cultural challenge of being African universities : Nigerian identity and contemporary progress -- Subjectivity, hermeneutics and culture -- George F. Mclean -- Value systems and the interest groups of a university / Francis M. Isichei -- The place of theology in the university curriculum / Anthony A. Akinwale. | |
| 650 | 0 |
_aEducation, Higher _zAfrica _xPhilosophy. _93875 |
|
| 650 | 0 |
_aEducation, Higher _zNigeria _xPhilosophy. _93876 |
|
| 700 | 1 |
_aKenny, Joseph. _93877 |
|
| 856 | 4 | 1 |
_3Table of contents only _uhttp://www.loc.gov/catdir/toc/ecip066/2006001649.html |
| 906 |
_a7 _bcbc _corignew _d1 _eecip _f20 _gy-gencatlg |
||
| 942 |
_2lcc _cMONOGRAPH _01 |
||
| 999 |
_c118689 _d118689 |
||